Commentary on the Holy Bible / (Record no. 1316)
[ view plain ]
| 000 -LEADER | |
|---|---|
| fixed length control field | 01298cam a2200349Ii 4500 |
| 001 - CONTROL NUMBER | |
| control field | 460010 |
| 003 - CONTROL NUMBER IDENTIFIER | |
| control field | GBCCL |
| 005 - DATE AND TIME OF LATEST TRANSACTION | |
| control field | 20241126110358.0 |
| 008 - FIXED-LENGTH DATA ELEMENTS--GENERAL INFORMATION | |
| fixed length control field | 800722s1979 tnu 000 0 eng d |
| 020 ## - INTERNATIONAL STANDARD BOOK NUMBER | |
| International Standard Book Number | 0840751699 |
| Qualifying information | (Royal 3Vol. set) |
| 035 ## - SYSTEM CONTROL NUMBER | |
| System control number | (OCoLC)ocm06537685 |
| 035 ## - SYSTEM CONTROL NUMBER | |
| System control number | (OCoLC)6537685 |
| Canceled/invalid control number | (OCoLC)14006546 |
| -- | (OCoLC)657975870 |
| 040 ## - CATALOGING SOURCE | |
| Original cataloging agency | LSL |
| Language of cataloging | eng |
| Transcribing agency | LSL |
| Modifying agency | UBY |
| -- | OCL |
| -- | BAKER |
| -- | OCLCG |
| -- | YDXCP |
| -- | OCLCQ |
| -- | OCLCF |
| -- | OCLCO |
| -- | OCLCQ |
| -- | LBB |
| 049 ## - | |
| -- | LBBC |
| 050 #4 - | |
| -- | BS491.2 |
| -- | .M28 1979 |
| 082 04 - DEWEY DECIMAL CLASSIFICATION NUMBER | |
| Classification number | 220.77 |
| Item number | HEN |
| 100 ## - MAIN ENTRY--PERSONAL NAME | |
| Relationship | Henry, Matthew |
| 130 0# - | |
| -- | Bible. |
| -- | English. |
| -- | Authorized. |
| -- | 1973. |
| -- | 2570 |
| 245 10 - TITLE STATEMENT | |
| Title | Commentary on the Holy Bible / |
| Statement of responsibility, etc. | by Matthew Henry and Thomas Scott ; with explanatory notes from other writers. |
| 260 ## - PUBLICATION, DISTRIBUTION, ETC. | |
| Place of publication, distribution, etc. | Nashville : |
| Name of publisher, distributor, etc. | Royal publishers, |
| Date of publication, distribution, etc. | �1979. |
| 300 ## - PHYSICAL DESCRIPTION | |
| Extent | 3 volumes ; |
| Dimensions | 26 cm |
| 336 ## - CONTENT TYPE | |
| Content type term | text |
| Content type code | txt |
| Source | rdacontent |
| 337 ## - MEDIA TYPE | |
| Media type term | unmediated |
| Media type code | n |
| Source | rdamedia |
| 338 ## - CARRIER TYPE | |
| Carrier type term | volume |
| Carrier type code | nc |
| Source | rdacarrier |
| 505 0# - FORMATTED CONTENTS NOTE | |
| Formatted contents note | v. 1. Genesis to Esther.--v. 2. Job to Malachi.--v. 3. Matthew to Revelation. |
| 630 00 - SUBJECT ADDED ENTRY--UNIFORM TITLE | |
| Uniform title | Bible |
| Form subdivision | Commentaries. |
| 9 (RLIN) | 200 |
| 630 07 - SUBJECT ADDED ENTRY--UNIFORM TITLE | |
| Uniform title | Bible. |
| Source of heading or term | fast |
| Authority record control number or standard number | (OCoLC)fst01356024 |
| 9 (RLIN) | 599 |
| 655 #7 - INDEX TERM--GENRE/FORM | |
| Genre/form data or focus term | Commentaries. |
| Source of term | fast |
| Authority record control number or standard number | (OCoLC)fst01423723 |
| 9 (RLIN) | 875 |
| 700 1# - ADDED ENTRY--PERSONAL NAME | |
| Personal name | Henry, Matthew, |
| Dates associated with a name | 1662-1714. |
| 9 (RLIN) | 1752 |
| 700 1# - ADDED ENTRY--PERSONAL NAME | |
| Personal name | Scott, Thomas, |
| Dates associated with a name | 1747-1821. |
| 9 (RLIN) | 2571 |
| 942 ## - ADDED ENTRY ELEMENTS (KOHA) | |
| Source of classification or shelving scheme | Dewey Decimal Classification |
| Koha item type | Reference Books |
| Withdrawn status | Lost status | Source of classification or shelving scheme | Damaged status | Not for loan | Home library | Current Library | Shelving location | Date acquired | Total checkouts | Full call number | Barcode | Date last seen | Copy number | Price effective from | Koha item type |
|---|---|---|---|---|---|---|---|---|---|---|---|---|---|---|---|
| Dewey Decimal Classification | GRACE BIBLE COLLEGE | GRACE BIBLE COLLEGE | Commentary | 2017-04-25 | 220.77 HEN | 006187 | 2025-05-01 | v.1 | 2017-04-25 | Reference Books | |||||
| Dewey Decimal Classification | GRACE BIBLE COLLEGE | GRACE BIBLE COLLEGE | Commentary | 2017-04-25 | 220.77 HEN | 006188 | 2025-05-01 | v.2 | 2017-04-25 | Reference Books | |||||
| Dewey Decimal Classification | GRACE BIBLE COLLEGE | GRACE BIBLE COLLEGE | Commentary | 2017-04-25 | 220.77 HEN | 006189 | 2025-05-01 | v.3 | 2017-04-25 | Reference Books |